[Event "CAN-ch U14"]
[Site "Sault Ste Marie"]
[Date "2017.07.08"]
[Round "5.48"]
[White "Ketterer, Quentin"]
[Black "Asemota, Eghosa"]
[Result "0-1"]
[WhiteElo "818"]
[BlackElo "799"]
[PlyCount "94"]
[EventDate "2017.07.06"]
[EventType "swiss"]
[EventRounds "7"]
[EventCountry "CAN"]
[SourceTitle "EXT 2022"]
[Source "ChessBase"]
[SourceDate "2021.10.06"]
[SourceVersion "1"]
[SourceVersionDate "2021.10.06"]
[SourceQuality "1"]

1. e4 e5 2. d4 exd4 3. Qxd4 Nc6 4. Qd1 Bc5 5. Qd5 d6 6. Bc4 Be6 7. Qd3 Bxc4 8. Qxc4 Nf6 9. Nf3 0-0 10. Qb5 Bb6 11. 0-0 Nxe4 12. Nbd2 Nxd2 13. Bxd2 a6 14. Qd5 Qf6 15. Rab1 Nd4 16. Bc3 Nxf3+ 17. Qxf3 Qxf3 18. gxf3 Rae8 19. Rbe1 Rxe1 20. Bxe1 Re8 21. Bd2 Re2 22. Bc3 Rxc2 23. Re1 h6 24. Re8+ Kh7 25. Rf8 Rxf2 26. Rxf7 Rxf3+ 27. Kg2 Rxf7 28. Kg3 Re7 29. Kf4 g5+ 30. Kf5 Rf7+ 31. Bf6 Bd4 32. Ke6 Bxf6 33. Kxf7 d5 34. Kxf6 d4 35. Ke7 d3 36. Kd7 d2 37. Kxc7 d1Q 38. Kb6 Qd7 39. b4 Qc6+ 40. Ka7 b5 41. a3 Kg7 42. Kb8 Kf7 43. Ka7 Ke7 44. h3 Kd7 45. Kb8 Qb6+ 46. Ka8 Kc7 47. a4 Qb7# 0-1

[Event "CAN-ch U14"]
[Site "Sault Ste Marie"]
[Date "2017.07.06"]
[Round "1.42"]
[White "Ketterer, Quentin"]
[Black "Dornieden, Jonas"]
[Result "0-1"]
[WhiteElo "818"]
[BlackElo "1729"]
[PlyCount "62"]
[EventDate "2017.07.06"]
[EventType "swiss"]
[EventRounds "7"]
[EventCountry "CAN"]
[SourceTitle "EXT 2022"]
[Source "ChessBase"]
[SourceDate "2021.10.06"]
[SourceVersion "1"]
[SourceVersionDate "2021.10.06"]
[SourceQuality "1"]

1. e4 e5 2. Qh5 d6 3. Qf3 Nf6 4. Nc3 Nc6 5. Bb5 Bd7 6. Bxc6 Bxc6 7. d3 Be7 8. Nh3 0-0 9. 0-0 Bd7 10. Qg3 Kh8 11. Bg5 Ng8 12. Nd5 Bxg5 13. Nxg5 c6 14. Ne3 f5 15. Qh3 Qxg5 16. Nc4 Qe7 17. Rae1 fxe4 18. Rxe4 Bxh3 19. gxh3 Nf6 20. Re3 Nd5 21. Re2 Nf4 22. Re3 Qg5+ 23. Rg3 Ne2+ 24. Kg2 Nxg3 25. hxg3 d5 26. Nd6 Qe7 27. Nxb7 Qxb7 28. Re1 Qb6 29. Rxe5 Qxf2+ 30. Kh1 Qf1+ 31. Kh2 Rf2# 0-1